| 000 | 00460nam a2200193Ia 4500 | ||
|---|---|---|---|
| 008 | 170918s9999 xx 000 0 und d | ||
| 020 | _a9780810988934 | ||
| 050 | _bK558d 2007 | ||
| 100 | _aKinney, Jeff | ||
| 245 | _aDiary of a wimpy kid / | ||
| 245 | _cby Jeff Kinney. | ||
| 260 | _aUSA : | ||
| 260 | _bAmulet Books, | ||
| 260 | _c2007 | ||
| 300 | _a217 pages : | ||
| 300 | _billustrations ; | ||
| 300 | _c19cm. | ||
| 300 | _eDiary of a wimpy kid. | ||
| 999 |
_c343558 _d343558 |
||